000 00700nam a2200181Ia 4500
999 _c37869
_d37869
001 3847
003 GE_BSU
005 20190814145348.0
008 181216s1999||||ge |||||||||||||| ||geo||
040 _cGE_BSU
100 _aბარამიძე, ნოდარ
_9377
245 _aფსიქოლოგიური ნარკვევები, წერილები, სტატიები /
_cრედ.: გ. ჩაგანავა
264 _a ბათუმი :
_bაჭარა,
_c1999.
300 _a261 გვ.;
_b16 სმ.
653 _aფსიქოლოგია
700 _aჩაგანავა, გ.
_eრედაქტორი
_93587
942 _cBK
_2udc